Hướng dẫn phòng và diệt vi rút máy tính /
Αποθηκεύτηκε σε:
| Κύριος συγγραφέας: | |
|---|---|
| Μορφή: | Sách giấy |
| Γλώσσα: | Vietnamese |
| Έκδοση: |
H. :
Thống kê,
2005
|
| Θέματα: | |
| Ετικέτες: |
Προσθήκη ετικέτας
Δεν υπάρχουν, Καταχωρήστε ετικέτα πρώτοι!
|
| Thư viện lưu trữ: | Thư viện Trường Đại học Đà Lạt |
|---|
| LEADER | 00764nam a2200301 4500 | ||
|---|---|---|---|
| 001 | DLU050048046 | ||
| 005 | ##20050629 | ||
| 040 | # | # | |a DLU |b vie |
| 041 | # | # | |a vie |
| 044 | # | # | |a vn |
| 082 | # | # | |a 005.84 |b NG-C |
| 100 | # | # | |a Nguyễn Thành Cương |
| 245 | # | # | |a Hướng dẫn phòng và diệt vi rút máy tính / |c Nguyễn Thành Cương |
| 246 | # | # | |a Hướng dẫn phòng và diệt virus máy tính |
| 260 | # | # | |a H. : |b Thống kê, |c 2005 |
| 300 | # | # | |a 235 tr. ; |c 21 cm |
| 653 | # | # | |a Diệt virut |
| 653 | # | # | |a Virut máy tính |
| 923 | # | # | |a 25/2005 |
| 992 | # | # | |a 27.000 |
| 994 | # | # | |a DLU |
| 900 | # | # | |a True |
| 911 | # | # | |a Đào Thị Thu Huyền |
| 925 | # | # | |a G |
| 926 | # | # | |a A |
| 927 | # | # | |a SH |
| 980 | # | # | |a Thư viện Trường Đại học Đà Lạt |